[Event "DSOL 05 Liga Gr-C 1st"]
[Site "Playchess.com INT"]
[Date "2020.08.12"]
[Round "2.1"]
[White "Frehen, Werner"]
[Black "Hoke, Joshua Sky"]
[Result "1/2-1/2"]
[WhiteElo "1831"]
[BlackElo "1762"]
[PlyCount "104"]
[EventDate "2020.06.22"]
[EventType "team-tourn (rapid)"]
[EventCountry "GER"]
[SourceTitle "EXT 2021"]
[Source "ChessBase"]
[SourceDate "2020.10.23"]
[SourceVersion "1"]
[SourceVersionDate "2020.10.23"]
[SourceQuality "1"]
[WhiteTeam "Niederkassel"]
[BlackTeam "Gottingen Rot-Weiss II"]
[WhiteTeamCountry "GER"]
[BlackTeamCountry "GER"]

1. e4 e5 2. Nf3 Nc6 3. Nc3 Nf6 4. d4 exd4 5. Nxd4 Bc5 6. Nxc6 bxc6 7. Bd3 0-0 8. 0-0 h6 9. e5 Nd5 10. Ne4 Be7 11. a3 d6 12. c4 Nb6 13. exd6 cxd6 14. Bf4 Be6 15. Nxd6 Qd7 16. c5 Nd5 17. Bg3 f5 18. Be5 f4 19. Qh5 Bxd6 20. Bxd6 Bf7 21. Qf5 Qxf5 22. Bxf5 Rfe8 23. Bd7 Re2 24. Bxc6 Rc8 25. Bxd5 Bxd5 26. b4 f3 27. gxf3 Bxf3 28. Rfe1 a6 29. Rxe2 Bxe2 30. f4 Kf7 31. Kf2 Bb5 32. Re1 Re8 33. Rxe8 Bxe8 34. h4 h5 35. Ke3 Ke6 36. Be5 g6 37. Kd4 Bc6 38. Bg7 Bb5 39. Bh6 Bc6 40. Bg5 Bb5 41. Kc3 Kd5 42. Kb3 Bc4+ 43. Kb2 Bb5 44. Kb3 Bc4+ 45. Ka4 Kc6 46. Ka5 Bb5 47. Be7 Bc4 48. a4 Bd3 49. b5+ axb5 50. axb5+ Bxb5 51. Kb4 Bd3 52. Kc3 Bf5 1/2-1/2

[Event "Mittelrhein Regionalliga 1920"]
[Site "Mittelrhein"]
[Date "2019.11.17"]
[Round "3.7"]
[White "Frehen, Werner"]
[Black "Reckers, Sebastian"]
[Result "1/2-1/2"]
[WhiteElo "1808"]
[BlackElo "1892"]
[PlyCount "31"]
[EventDate "2019.09.29"]
[EventType "team-tourn"]
[EventRounds "9"]
[EventCountry "GER"]
[SourceTitle "EXT 2023"]
[Source "ChessBase"]
[SourceDate "2022.10.05"]
[SourceVersion "1"]
[SourceVersionDate "2022.10.05"]
[SourceQuality "1"]
[WhiteTeam "Niederkassel II"]
[BlackTeam "Euskirchen Turm"]
[WhiteTeamCountry "GER"]
[BlackTeamCountry "GER"]

1. e4 e5 2. Nf3 Nc6 3. Nc3 Nf6 4. d4 exd4 5. Nxd4 Bb4 6. Nxc6 bxc6 7. Bd3 d5 8. exd5 cxd5 9. 0-0 0-0 10. Bg5 c6 11. Qf3 Be7 12. Rfe1 h6 13. Bf4 Bd6 14. Ne2 Qc7 15. Bxd6 Qxd6 16. Qf4 1/2-1/2

[Event "Mittelrhein Verbandsliga-M 16/17"]
[Site "Nordrheinwestfalen"]
[Date "2017.03.19"]
[Round "9.2"]
[White "Weiser, Hans Josef"]
[Black "Frehen, Werner"]
[Result "1-0"]
[WhiteElo "1967"]
[BlackElo "1780"]
[PlyCount "141"]
[EventDate "2016.09.11"]
[EventType "team-tourn"]
[EventRounds "11"]
[EventCountry "GER"]
[SourceTitle "EXT 2022"]
[Source "ChessBase"]
[SourceDate "2021.10.06"]
[SourceVersion "1"]
[SourceVersionDate "2021.10.06"]
[SourceQuality "1"]
[WhiteTeam "Bergische SF"]
[BlackTeam "Niederkassel III"]
[WhiteTeamCountry "GER"]
[BlackTeamCountry "GER"]

1. d4 Nf6 2. c4 c5 3. e3 cxd4 4. exd4 d5 5. Nc3 Nc6 6. Bg5 e6 7. Nf3 Be7 8. c5 0-0 9. Bb5 Bd7 10. 0-0 Ne8 11. Bxe7 Qxe7 12. Re1 Nc7 13. Bd3 Qf6 14. Ne5 Nxe5 15. Rxe5 Rac8 16. b4 Ne8 17. Re3 g6 18. Ne2 Nc7 19. a4 Rfe8 20. f4 Re7 21. Bc2 Ne8 22. g4 Qg7 23. Ng3 f5 24. g5 Nc7 25. h4 h5 26. Qd2 Kf7 27. Rae1 Rce8 28. Nf1 a6 29. Nh2 Bc8 30. Nf3 Kg8 31. Ne5 Bd7 32. Qe2 Kh7 33. Kh2 Qg8 34. Rb1 Qg7 35. Kg3 Qg8 36. Ra3 Ra8 37. Bd3 Qe8 38. Qd1 Kg7 39. Raa1 Bc6 40. Qc2 Bd7 41. Qb3 Kh7 42. Be2 Kg7 43. Rc1 Kh7 44. Kf2 Kg7 45. Rg1 Kh7 46. Ra3 Kg7 47. Qd1 Qh8 48. Bd3 Qe8 49. Be2 Qh8 50. Qe1 Qe8 51. Bd1 Kh7 52. Bc2 Qh8 53. Qe2 Qe8 54. Bd1 Qh8 55. Rag3 Qe8 56. Qc2 Kg7 57. R1g2 Kh7 58. Bxh5 gxh5 59. g6+ Kg7 60. Rg5 Qh8 61. Qe2 Qh6 62. Nf7 Rxf7 63. gxf7+ Kxf7 64. Rg7+ Qxg7 65. Rxg7+ Kxg7 66. Qe5+ Kg6 67. Qxc7 Bc6 68. b5 axb5 69. axb5 Ra2+ 70. Ke1 Rb2 71. bxc6 1-0

[Event "Mittelrhein Verbandsliga-M 16/17"]
[Site "Nordrheinwestfalen"]
[Date "2016.12.18"]
[Round "5.2"]
[White "Hennig, Edgar Paul"]
[Black "Frehen, Werner"]
[Result "1/2-1/2"]
[WhiteElo "1849"]
[BlackElo "1780"]
[PlyCount "32"]
[EventDate "2016.09.11"]
[EventType "team-tourn"]
[EventRounds "11"]
[EventCountry "GER"]
[SourceTitle "EXT 2022"]
[Source "ChessBase"]
[SourceDate "2021.10.06"]
[SourceVersion "1"]
[SourceVersionDate "2021.10.06"]
[SourceQuality "1"]
[WhiteTeam "Satranc Club"]
[BlackTeam "Niederkassel III"]
[WhiteTeamCountry "GER"]
[BlackTeamCountry "GER"]

1. e4 e5 2. Nf3 d6 3. Nc3 Nf6 4. d4 Nbd7 5. dxe5 Nxe5 6. Nxe5 dxe5 7. Qxd8+ Kxd8 8. Bg5 c6 9. 0-0-0+ Kc7 10. Bc4 Be6 11. Bxe6 fxe6 12. f3 Be7 13. Rd3 Rad8 14. Rhd1 Rxd3 15. Rxd3 Rd8 16. Rxd8 Kxd8 1/2-1/2

[Event "Mittelrhein Verbandsliga-M 16/17"]
[Site "Nordrheinwestfalen"]
[Date "2016.10.23"]
[Round "3.2"]
[White "Frehen, Werner"]
[Black "Zyla, Lennert"]
[Result "1/2-1/2"]
[WhiteElo "1757"]
[BlackElo "1870"]
[PlyCount "87"]
[EventDate "2016.09.11"]
[EventType "team-tourn"]
[EventRounds "11"]
[EventCountry "GER"]
[SourceTitle "EXT 2022"]
[Source "ChessBase"]
[SourceDate "2021.10.06"]
[SourceVersion "1"]
[SourceVersionDate "2021.10.06"]
[SourceQuality "1"]
[WhiteTeam "Niederkassel III"]
[BlackTeam "Porz SG V"]
[WhiteTeamCountry "GER"]
[BlackTeamCountry "GER"]

1. e4 c5 2. Nf3 e6 3. d4 cxd4 4. Nxd4 Nc6 5. Nc3 Qc7 6. Be3 a6 7. Be2 Nf6 8. 0-0 b5 9. Qd2 b4 10. Na4 Nxe4 11. Qd3 d5 12. Nxc6 Qxc6 13. Nb6 Rb8 14. Nxc8 Rxc8 15. Qxa6 Nd6 16. Qxc6+ Rxc6 17. Bd3 e5 18. Rfc1 Be7 19. Bd2 Nc4 20. Bxc4 dxc4 21. a3 c3 22. bxc3 bxc3 23. Be1 Kd7 24. Kf1 Ra8 25. Rd1+ Ke6 26. Rd3 Rac8 27. f3 f5 28. Ke2 g5 29. Bf2 Rc4 30. Be1 h5 31. Bf2 g4 32. a4 Ra8 33. a5 Ra6 34. Bb6 Rc6 35. Rb1 Ba3 36. Rb5 Be7 37. Rb3 gxf3+ 38. gxf3 Rc4 39. Rbxc3 Rxc3 40. Rxc3 Bb4 41. Rc7 Bxa5 42. Bxa5 Rxa5 43. Rh7 Ra2 44. Kd3 1/2-1/2

[Event "Mittelrhein Verbandsliga-O 15/16"]
[Site "Nordrheinwestfalen"]
[Date "2015.12.13"]
[Round "5"]
[White "Frehen, Werner"]
[Black "Fleischer, Uwe"]
[Result "1/2-1/2"]
[WhiteElo "1784"]
[BlackElo "1819"]
[PlyCount "29"]
[EventDate "2015.09.06"]
[EventType "team-tourn"]
[EventRounds "11"]
[EventCountry "GER"]
[SourceTitle "EXT 2022"]
[Source "ChessBase"]
[SourceDate "2021.10.06"]
[SourceVersion "1"]
[SourceVersionDate "2021.10.06"]
[SourceQuality "1"]
[WhiteTeam "Niederkassel II"]
[BlackTeam "Lohmar"]
[WhiteTeamCountry "GER"]
[BlackTeamCountry "GER"]

1. e4 c5 2. Nf3 d6 3. Bb5+ Bd7 4. Bxd7+ Qxd7 5. d4 cxd4 6. Nxd4 Nf6 7. Nc3 g6 8. 0-0 Bg7 9. h3 0-0 10. Re1 Nc6 11. Be3 d5 12. exd5 Nxd5 13. Nxd5 Qxd5 14. Nxc6 Qxc6 15. c3 1/2-1/2

[Event "Mittelrhein Verbandsliga Ost 1415"]
[Site "Mittelrhein"]
[Date "2015.01.11"]
[Round "6.8"]
[White "Frehen, Werner"]
[Black "Hoeck, Sebastian"]
[Result "1-0"]
[WhiteElo "1778"]
[BlackElo "1744"]
[PlyCount "96"]
[EventDate "2014.09.07"]
[EventType "team-tourn"]
[EventRounds "11"]
[EventCountry "GER"]
[SourceTitle "EXT 2023"]
[Source "ChessBase"]
[SourceDate "2022.10.05"]
[SourceVersion "1"]
[SourceVersionDate "2022.10.05"]
[SourceQuality "1"]
[WhiteTeam "Niederkassel II"]
[BlackTeam "Siegburg"]
[WhiteTeamCountry "GER"]
[BlackTeamCountry "GER"]

1. e4 d5 2. exd5 Nf6 3. d4 Nxd5 4. c4 Nb6 5. Be3 g6 6. Nf3 Bg7 7. h3 c5 8. Nc3 cxd4 9. Bxd4 0-0 10. Bxg7 Kxg7 11. Be2 Nc6 12. 0-0 a6 13. Rc1 e5 14. Re1 Be6 15. b3 f6 16. Bf1 Rf7 17. Qe2 Qf8 18. Qe3 Nd7 19. Red1 Rd8 20. Rd2 Qc5 21. Rxd7 Qxe3 22. Rxf7+ Kxf7 23. fxe3 g5 24. Rd1 Rxd1 25. Nxd1 g4 26. hxg4 Bxg4 27. Nc3 f5 28. Kf2 Kf6 29. Nd5+ Kg7 30. b4 f4 31. exf4 exf4 32. b5 axb5 33. cxb5 Be6 34. bxc6 bxc6 35. Nxf4 Bxa2 36. Nd4 Kf6 37. Nxc6 Kg5 38. Nh3+ Kf6 39. Bd3 Bd5 40. Nb4 Bg8 41. Ke3 h6 42. Kf4 Be6 43. Nf2 h5 44. Ne4+ Kg7 45. Kg5 Bf7 46. Ng3 h4 47. Kxh4 Kf6 48. Ne4+ Ke5 1-0

[Event "Mittelrhein Verbandsliga Ost 1314"]
[Site "Mittelrhein"]
[Date "2013.09.15"]
[Round "1.7"]
[White "Edalati, Navid"]
[Black "Frehen, Werner"]
[Result "0-1"]
[WhiteElo "1784"]
[BlackElo "1881"]
[PlyCount "64"]
[EventDate "2013.09.15"]
[EventType "team-tourn"]
[EventRounds "11"]
[EventCountry "GER"]
[SourceTitle "EXT 2023"]
[Source "ChessBase"]
[SourceDate "2022.10.05"]
[SourceVersion "1"]
[SourceVersionDate "2022.10.05"]
[SourceQuality "1"]
[WhiteTeam "Godesberg IV"]
[BlackTeam "Niederkassel II"]
[WhiteTeamCountry "GER"]
[BlackTeamCountry "GER"]

1. Nf3 Nf6 2. c4 g6 3. d4 c5 4. dxc5 Na6 5. Nc3 Nxc5 6. Qc2 Bg7 7. e4 d6 8. Be3 b6 9. Be2 Bb7 10. Nd2 0-0 11. h4 Qd7 12. f3 Rfd8 13. g4 e5 14. h5 Ne6 15. hxg6 hxg6 16. 0-0-0 Kf8 17. Nf1 Ke7 18. Qd2 Rh8 19. Rxh8 Rxh8 20. Nb5 Ne8 21. a3 Bc6 22. Nc3 N8c7 23. b4 Nd4 24. Bxd4 exd4 25. Nd5+ Kd8 26. Kb1 Ne6 27. f4 Rh3 28. Bd3 Nc7 29. f5 Bxd5 30. cxd5 Qa4 31. Ka2 Nb5 32. Bxb5 Rxa3+ 0-1

[Event "Verbandsliga Mittelrhein-Ost 1213"]
[Site "Germany"]
[Date "2012.11.11"]
[Round "4.7"]
[White "Frehen, Werner"]
[Black "Hoefner, Christoph"]
[Result "0-1"]
[WhiteElo "1902"]
[BlackElo "1863"]
[PlyCount "94"]
[EventDate "2012.09.09"]
[EventType "team"]
[EventRounds "11"]
[EventCountry "GER"]
[SourceTitle "EXT 2015"]
[Source "ChessBase"]
[SourceDate "2014.11.20"]
[SourceVersion "1"]
[SourceVersionDate "2014.11.20"]
[SourceQuality "1"]
[WhiteTeam "Niederkassel II"]
[BlackTeam "Bruehl II"]
[WhiteTeamCountry "GER"]
[BlackTeamCountry "GER"]

1. e4 c5 2. Nf3 a6 3. d4 cxd4 4. Nxd4 Nf6 5. Nc3 e5 6. Nf3 Bb4 7. Bd3 Nc6 8. Bd2 0-0 9. 0-0 b5 10. a3 Bxc3 11. Bxc3 Qc7 12. Re1 d6 13. h3 Bb7 14. Nh2 Rad8 15. Ng4 Nxg4 16. Qxg4 Ne7 17. Rad1 Ng6 18. g3 Qc6 19. h4 f5 20. Qh3 f4 21. h5 Bc8 22. Qg2 fxg3 23. Qxg3 Nf4 24. h6 Qd7 25. Qxg7+ Qxg7+ 26. hxg7 Rf7 27. Re3 Rxg7+ 28. Rg3 Rf8 29. Rxg7+ Kxg7 30. Bf1 Rf6 31. Rxd6 Rxd6 32. Bxe5+ Rf6 33. c4 bxc4 34. Bxc4 Kg6 35. Bxf6 Kxf6 36. b4 Ke5 37. f3 Kd4 38. Bf1 Ke3 39. b5 axb5 40. Bxb5 Kxf3 41. Bc6 Kg3 42. a4 h5 43. a5 h4 44. e5 h3 45. Ba8 Ba6 46. Bc6 h2+ 47. Kh1 Nd3 0-1

[Event "Bayern-chI Bank Hofmann 16th"]
[Site "Bad Wiessee"]
[Date "2012.10.27"]
[Round "1"]
[White "Hoffmann, Michael"]
[Black "Frehen, Werner"]
[Result "1-0"]
[WhiteElo "2474"]
[BlackElo "1966"]
[PlyCount "53"]
[EventDate "2012.10.27"]
[EventType "swiss"]
[EventRounds "9"]
[EventCountry "GER"]
[SourceTitle "EXT 2013"]
[Source "ChessBase"]
[SourceDate "2012.11.22"]
[SourceVersion "1"]
[SourceVersionDate "2012.11.22"]
[SourceQuality "1"]

1. d4 Nf6 2. c4 c5 3. d5 b5 4. Qc2 bxc4 5. e4 d6 6. Bxc4 Nbd7 7. b3 g6 8. Bb2 Bg7 9. Nf3 0-0 10. 0-0 Ng4 11. Bxg7 Kxg7 12. Nfd2 Kg8 13. Be2 Nb6 14. Na3 Nf6 15. Nac4 e6 16. dxe6 Bxe6 17. Bf3 d5 18. exd5 Nbxd5 19. Qb2 Rc8 20. Rad1 Qc7 21. Bxd5 Nxd5 22. Ne4 Bf5 23. Ned6 Be6 24. Nxc8 Rxc8 25. Rd2 Rf8 26. Rfd1 Qb7 27. Qe5 1-0

[Event "Regionalliga Mittelrhein 1011"]
[Site "Germany"]
[Date "2011.02.27"]
[Round "6.7"]
[White "Frehen, Werner"]
[Black "Pirastu, Mario"]
[Result "1-0"]
[WhiteElo "1854"]
[BlackElo "1445"]
[PlyCount "83"]
[EventDate "2010.10.24"]
[EventType "team"]
[EventRounds "9"]
[EventCountry "GER"]
[SourceTitle "EXT 2015"]
[Source "ChessBase"]
[SourceDate "2014.11.20"]
[SourceVersion "1"]
[SourceVersionDate "2014.11.20"]
[SourceQuality "1"]
[WhiteTeam "Niederkassel"]
[BlackTeam "Gruenfeld"]
[WhiteTeamCountry "GER"]
[BlackTeamCountry "GER"]

1. e4 g6 2. d4 Bg7 3. Be3 d6 4. Nc3 Nd7 5. f4 c6 6. Be2 Qc7 7. Qd2 b5 8. a3 Bb7 9. Bf3 Nb6 10. b3 Nf6 11. Nh3 a5 12. a4 b4 13. Ne2 c5 14. e5 Bxf3 15. gxf3 Nfd7 16. Rd1 Nd5 17. Ng5 h6 18. exd6 exd6 19. dxc5 Bc3 20. Nxc3 Nxc3 21. Ne4 Nxd1 22. Nxd6+ Kf8 23. Qd5 Nb8 24. Kxd1 Nc6 25. Bd4 Rh7 26. Bf6 Rb8 27. Re1 Qd7 28. Qe4 h5 29. h4 Rg7 30. Qd5 Rh7 31. Re4 Rg7 32. Bxg7+ Kxg7 33. Ne8+ Rxe8 34. Qxd7 Rd8 35. Qxd8 Nxd8 36. Re8 Nc6 37. Rc8 Ne7 38. Rc7 Kf6 39. Kd2 Nd5 40. Ra7 Nxf4 41. c6 Ke6 42. Rxf7 1-0

[Event "Bad Woerishofen op 21st"]
[Site "Bad Woerishofen"]
[Date "2005.03.03"]
[Round "1"]
[White "Frehen, Werner"]
[Black "Kummerow, Heiko"]
[Result "0-1"]
[WhiteElo "1990"]
[BlackElo "2290"]
[PlyCount "90"]
[EventDate "2005.03.03"]
[EventType "swiss"]
[EventRounds "9"]
[EventCountry "GER"]
[SourceTitle "EXT 2006"]
[Source "ChessBase"]
[SourceDate "2005.11.24"]
[SourceVersion "1"]
[SourceVersionDate "2005.11.24"]
[SourceQuality "1"]

1. e4 e6 2. d4 d5 3. e5 c5 4. c3 Nc6 5. Nf3 Bd7 6. a3 f6 7. b4 fxe5 8. dxe5 Qc7 9. Bf4 0-0-0 10. Bd3 h6 11. 0-0 g5 12. Bg3 Be8 13. Re1 Nge7 14. bxc5 Bh5 15. Nbd2 Nf5 16. Bxf5 exf5 17. h3 f4 18. Bh2 Bg7 19. Qc2 Rhe8 20. Qf5+ Kb8 21. g4 Rf8 22. Qc2 Bf7 23. e6 Bg8 24. Nb3 Rde8 25. Nbd4 Bxd4 26. Nxd4 Nxd4 27. cxd4 Rf6 28. Re2 Bh7 29. Qd2 Rfxe6 30. Rxe6 Rxe6 31. Re1 Qe7 32. Rxe6 Qxe6 33. f3 Kc7 34. Kf2 Kc6 35. Bg1 Qg6 36. Kg2 Qc2 37. Qxc2 Bxc2 38. h4 Kb5 39. hxg5 hxg5 40. Bf2 Kc4 41. Kf1 Bd1 42. Kg2 Kd3 43. Bg1 a5 44. Bf2 a4 45. Bg1 Kc3 0-1

[Event "Bayern-chI Bank Hofmann 6th"]
[Site "Bad Wiessee"]
[Date "2002.10.26"]
[Round "1"]
[White "Frehen, Werner"]
[Black "Siegel, Georg"]
[Result "0-1"]
[WhiteElo "2014"]
[BlackElo "2443"]
[PlyCount "28"]
[EventDate "2002.10.26"]
[EventType "swiss"]
[EventRounds "9"]
[EventCountry "GER"]
[SourceTitle "EXT 2003"]
[Source "ChessBase"]
[SourceDate "2002.11.25"]
[SourceVersion "1"]
[SourceVersionDate "2002.11.25"]
[SourceQuality "1"]

1. e4 c5 2. d4 cxd4 3. c3 Nf6 4. e5 Nd5 5. cxd4 d6 6. Bc4 Nb6 7. Bb3 d5 8. Ne2 Bg4 9. Nbc3 e6 10. 0-0 Nc6 11. a3 Rc8 12. Bc2 Bh5 13. f4 Nxd4 14. Qxd4 Bc5 0-1